Automobil podnikateľa

Problémy spojené s automobilom zaradeným do obchodného majetku. Problematika týkajúca sa obstarania, používania a vyradenia auta z obchodného majetku a to z daňového a účtovného aspektu. Používanie súkromného auta podnikateľa v súvislosti s podnikaním. Poukázanie na rozdiely pri posudzovaní daňových...

Ausführliche Beschreibung

Gespeichert in:
Bibliographische Detailangaben
1. Verfasser: Jarinkovičová, Valéria
Weitere Verfasser: Jurišová, Anna, Turóciová, Jana
Format: Buchkapitel
Sprache:Slowakisch
Schlagworte:
Tags: Tag hinzufügen
Keine Tags, Fügen Sie das erste Tag hinzu!

MARC

LEADER 00000naa a2200000 4500
001 r043138
005 20231003084710.6
041 0 |a slo 
044 |a SK 
245 1 0 |a Automobil podnikateľa  |c Valéria Jarinkovičová, Anna Jurišová, Jana Turóciová 
520 |a Problémy spojené s automobilom zaradeným do obchodného majetku. Problematika týkajúca sa obstarania, používania a vyradenia auta z obchodného majetku a to z daňového a účtovného aspektu. Používanie súkromného auta podnikateľa v súvislosti s podnikaním. Poukázanie na rozdiely pri posudzovaní daňových výdavkov súvisiacich s používaním týchto áut. 
610 2 0 |a automobily 
610 2 0 |a pojmy 
610 2 0 |a podnikatelia 
610 2 0 |a podnikanie 
610 2 0 |a dane z príjmov 
610 2 0 |a dane z hodnoty pridanej 
610 2 0 |a dane z dedičstva 
610 2 0 |a dane cestné 
610 2 0 |a účtovníctvo 
610 2 0 |a majetok obchodný 
610 2 0 |a náklady daňové 
610 2 0 |a úpravy právne 
610 2 0 |a obstarávanie 
610 2 0 |a odpisy daňové 
610 2 0 |a odpisy účtovné 
100 1 |a Jarinkovičová, Valéria 
700 1 |a Jurišová, Anna 
700 1 |a Turóciová, Jana